00385nam a2200145Ia 4500008004100000020001800041041000800059082002000067100001600087245007700103260001900180300000800199365001600207700001600223230718s9999 xx 000 0 und d a9780143066002 aeng a322.66'092bTED aTedlow R.S. aAndy GrovebThe Life And Times of An American Intel, Leadership And Life c2009bPenguin  a568 cRs.b399.00 aTedlow R.S.